000 01524 a2200277 4500
001 59303
005 20260407155847.0
008 260407a2023 arg spa d
003 AR-UNSa-BCEJYS
040 _aAR-UNSa-BCEJYS
_bspa
_cAR-UNSa-BCEJYS
080 _a657
_xContabilidad
245 1 0 _aLecturas de contabilidad básica
_pcon ejercicios de aplicación
020 _a978-987-716-183-0
250 _a5a. ed.
264 1 _aBuenos Aires :
_bOsmar D. Buyatti
_c2023
300 _a612 p.
_c22 cm.
505 _a1. El marco general de la contabilidad – 2. Fundamentos de la contabilidad patrimonial – 3. Actividades y operaciones de las organizaciones – 4. El proceso contable – 5. Caja y bancos – 6. Créditos – 7. Bienes de cambio - (inventarios) – 8. Bienes de cambio - Empresa industrial – 9. Bienes de cambio – Empresa de servicios – 10. Bienes de uso – (propiedades, planta y equipo) – 11. Activos intangibles – 12. Inversiones y propiedades de inversión – 13. Deudas – 14. Previsiones – 15. Patrimonio neto – 16. Culminación del proceso contable – 17. Caso integral de aplicación – 18. Ajuste por inflación – 19. Las normas internacionales de información financiera (NIFF)
041 _aspa
942 _cBK
590 _aniveau_biblio:m niveau_hierar:0
100 1 _aSimaro, Jorge D.
700 1 _aTonelli, Omar E.
650 _aNIIF
856 4 1 _uhttps://biblioeco.unsa.edu.ar/pmb/images/libros/L129050.jpg
_yImagen de portada
_qimage/jpeg
650 _a niif
999 _c6639
_d6639